书目信息 |
| 题名: |
Excel在财务管理中的应用
|
|
| 作者: | 孔令一 主编 | |
| 分册: | ||
| 出版信息: | 大连 东北财经大学出版社 2019.8 |
|
| 页数: | 189页 | |
| 开本: | 26cm | |
| 丛书名: | 21世纪会计系列规划教材 | |
| 单 册: | ||
| 中图分类: | F275-39 | |
| 科图分类: | ||
| 主题词: | 表处理软件--biao chu li ruan jian--应用--财务管理--高等学校--教材 | |
| 电子资源: | ||
| ISBN: | 978-7-5654-3543-0 | |
| 000 | 01242oam2 2200301 450 | |
| 001 | 2131729480 | |
| 005 | 20210930094311.0 | |
| 010 | @a978-7-5654-3543-0@dCNY36.00 | |
| 100 | @a20191031d2019 em y0chiy0120 ea | |
| 101 | 0 | @achi |
| 102 | @aCN@b210000 | |
| 105 | @aak a 000yy | |
| 106 | @ar | |
| 200 | 1 | @aExcel在财务管理中的应用@AExcelzai cai wu guan li zhong de ying yong@dApplication of Excel in financial management@f孔令一主编@zeng |
| 210 | @a大连@c东北财经大学出版社@d2019.8 | |
| 215 | @a189页@c图@d26cm | |
| 225 | 2 | @a21世纪会计系列规划教材@A21shi ji hui ji xi lie gui hua jiao cai@i应用型 |
| 300 | @a省级特色专业建设成果教材 | |
| 320 | @a有书目 | |
| 330 | @a本书介绍财务管理Excel模型涉及资金时间价值的计算、内部长期投资决策、证券投资分析与决策、资本成本与资本结构、筹资预测与决策分析、流动资产管理、利润管理、财务报表分析与预测及其应用等方面的技能。 | |
| 461 | 0 | @12001 @a21世纪会计系列规划教材@i应用型 |
| 462 | 0 | @12001 @a应用型 |
| 510 | 1 | @aApplication of Excel in financial management@zeng |
| 606 | 0 | @a表处理软件@Abiao chu li ruan jian@x应用@x财务管理@x高等学校@j教材 |
| 690 | @aF275-39@v5 | |
| 701 | 0 | @a孔令一@Akong ling yi@4主编 |
| 801 | 0 | @aCN@b百万庄@c20210929 |
| 905 | @b1303210-13@dF275-39@e1780@f4 | |
| Excel在财务管理中的应用=Application of Excel in financial management/孔令一主编.-大连:东北财经大学出版社,2019.8 |
| 189页:图;26cm.-(21世纪会计系列规划教材.应用型) |
| 省级特色专业建设成果教材 |
| ISBN 978-7-5654-3543-0:CNY36.00 |
| 本书介绍财务管理Excel模型涉及资金时间价值的计算、内部长期投资决策、证券投资分析与决策、资本成本与资本结构、筹资预测与决策分析、流动资产管理、利润管理、财务报表分析与预测及其应用等方面的技能。 |
| ● |
| 相关链接 |
|
|
|
|
正题名:Excel在财务管理中的应用
索取号:F275-39/1780
 
预约/预借
| 序号 | 登录号 | 条形码 | 馆藏地/架位号 | 状态 | 备注 |
| 1 | 1303210 | 213032109 | 第一样本阅览室/ [索取号:F275-39/1780] | 在馆 | |
| 2 | 1303211 | 213032118 | 第一借阅区/ [索取号:F275-39/1780] | 在馆 | |
| 3 | 1303212 | 213032127 | 第一借阅区/ [索取号:F275-39/1780] | 在馆 | |
| 4 | 1303213 | 213032136 | 第一借阅区/ [索取号:F275-39/1780] | 在馆 |